It looks like you're offline.
Open Library logo
additional options menu

MARC record from Internet Archive

LEADER: 01856cam 2200445 a 4500
001 ocn667990300
003 OCoLC
005 20101012165034.0
008 090625s2010 azu 000 f eng
010 $a 2009931404
040 $aDLC$cDLC$dWAU$dBTCTA$dCIB$dZPX$dABG$dIA4$dDAD$dWIM$dGO3$dVP@
019 $a424556489
020 $a9781590585931 (hardcover : alk. paper)
020 $a1590585933 (hardcover : alk. paper)
020 $a9781590587126 (trade pbk. : alk. paper)
020 $a159058712X (trade pbk. : alk. paper)
035 $a(OCoLC)667990300$z(OCoLC)424556489
043 $ae-uk-en
050 00 $aPR6055.D894$bS47 2010
082 00 $a823/.914$222
100 1 $aEdwards, Martin,$d1955-
245 14 $aThe serpent pool /$cMartin Edwards.
250 $a1st ed.
260 $aScottsdale, AZ :$bPoisoned Pen Press,$c2010.
300 $a274 p. ;$c22 cm.
490 1 $aLake District mysteries
520 $aSeven years ago, Bethany Friend was found drowned in mere inches of water in the lonely Serpent Pool in England's Lake District. Was it suicide or murder? Now, determined to win justice for Bethany's dying mother, SCI Hannah Scarlett of the Cold Case Squad re-opens the case.-- Publisher's description.
651 0 $aLake District (England)$vFiction.
650 0 $aScarlett, Hannah (Fictitious character)$vFiction.
650 0 $aKind, Daniel (Fictitious character)$vFiction.
650 0 $aPolice$zEngland$zLake District$vFiction.
650 0 $aCold cases (Criminal investigation)$vFiction.
650 0 $aDetectives$zEngland$vFiction.
655 7 $aMystery fiction.$2gsafd
800 1 $aEdwards, Martin,$d1955-$tLake District mysteries.
938 $aBaker and Taylor$bBTCP$nBK0008469725
029 1 $aNZ1$b13213723
029 1 $aAU@$b000045348539
994 $aZ0$bPMR
948 $hNO HOLDINGS IN PMR - 534 OTHER HOLDINGS